000 02345cam a2200253 4500500
005 20260503041314.0
041 _afre
042 _adc
100 1 0 _aGlineur, Charles
_eauthor
700 1 0 _aRutze, Fanny
_eauthor
700 1 0 _aBossut, Elise
_eauthor
700 1 0 _aLejeune, Éline
_eauthor
700 1 0 _aJoertz, Floriane
_eauthor
700 1 0 _aSeran, Loïc
_eauthor
700 1 0 _aGianoultsis, Elena
_eauthor
700 1 0 _aKumps, Audrey
_eauthor
700 1 0 _aCarton, Tabatha
_eauthor
245 0 0 _aSchool–family–residential institution relationships: Between interprofessional tension and negotiation dynamics
260 _c2026.
500 _a18
520 _aIn contexts of institutional child placement, a third actor—the residential care institution—is added to the school–family relationship, transforming interactions around the child’s schooling and generating new sources of interprofessional tension. Based on a qualitative study involving twenty-four professionals, including eighteen social workers from general residential services and six primary and secondary education professionals, this article analyzes the tensions that may hinder collaboration between the education and child protection sectors in supporting children placed in care in the Wallonia-Brussels Federation. Three main categories of tension emerge from the analysis: intersectoral misunderstanding, rooted in diverging educational goals between overall child development and academic achievement; challenges related to the regulation of information sharing, balancing professional confidentiality with the need for pedagogical contextualization; and contrasting representations of the parents’ role, fluctuating between different expectations of parental involvement. The article highlights the negotiation dynamics these tensions call for, emphasizing their structuring role in interprofessional relationship processes. It thus contributes to a better understanding of the logics of coordination or fragmentation between sectors in the schooling of children in institutional care.
786 0 _nLa revue internationale de l’éducation familiale | 56 | 2 | 2026-03-30 | p. 73-97 | 1279-7766
856 4 1 _uhttps://shs.cairn.info/journal-la-revue-internationale-de-l-education-familiale-2025-2-page-73?lang=en&redirect-ssocas=7080
999 _c2228383
_d2228383